MDQL
is popping MORE tags! Check the
thread
!
Quizzes
Events
Quiz Creation
Community
Videos
Private Events
Remove Ads
Sign In
Join for FREE
Feedback
Dark Mode
Quiz Categories
Sports
Geography
Music
Movies
Television
Just For Fun
Miscellaneous
History
Literature
Language
Science
Gaming
Entertainment
Religion
Holiday
For Kids
Quiz Lab
Recent
Popular Today
Quiz Kudos Today
Editor Picks
Curator Picks
Quizzes by...
Day
Popularity
Type
Ratings
Length
Year
Community
Subscriptions
Recent Discussions
Orange Saloon
Badges
Playlists
Quests
Create
Leaderboards
Showdown
Live 5
Trivia Bingo
Activity
Puzzle Library
Sporcle Events
Private Events
Virtual Trivia
Globe League
Become a Host
Pub Owners
SporcleCon
Opinionation
Our Games
Videos
Blog
Mobile Apps
Partnerships
Remove Ads and Go Orange
Feedback
Music
Pop Music
The Beatles
Song
Album
Lyrics
Bands
Singers
Artist
Clip
Rock
Rap
Classical
Billboard
Country Music
Kpop
Taylor Swift
Music
Pop Music
The Beatles
Song
Album
Lyrics
Bands
Singers
Artist
Clip
Rock
Rap
Classical
Billboard
Country Music
Kpop
Taylor Swift
Random Quiz
Search Sporcle
×
Quiz Lab
Quiz Lab
Music
Clickable
Select answers by clicking on text or image buttons
Select answers by clicking on text or image buttons
Clickable
Best Score? Go Orange.
K-Pop members and their groups 7 Stats
Can you match the K-Pop group members to their groups? (Also, any new suggestions of bands for the 8th quiz, comment below)
By
Jaffacakeman
7m
45 Questions
2,060 Plays
2,060 Plays
2,060 Plays
Comments
Comments
Give Quiz Kudos
Give Quiz Kudos
-
- Ratings
hide this ad
Forced Order
Answers have to be entered in order
Answers have to be entered in order
Replay
Link that replays current quiz
Next Quiz
Link to next quiz in quiz playlist
You Got
0%
They Got
Avg Score
56%
Avg Friend Score
Upgrade to see
Score Distribution
Jump to the score distribution portion of the page
Score
0/45
Timer
07:00
0
Plays Today
% Correct
Monsta X
85.7%
Monsta X
83.1%
Monsta X
82.9%
Monsta X
81.1%
Astro
80.2%
Astro
79.7%
Monsta X
78.1%
Astro
77.1%
Monsta X
75.9%
Monsta X
75%
AOA
74.4%
AOA
71%
AOA
70.2%
AOA
70.2%
Astro
69.3%
Astro
69.2%
AOA
66.4%
AOA
66.3%
Astro
66.2%
Wonder Girls
64.8%
AOA
64%
AOA
60.4%
Wonder Girls
55.9%
% Correct
Wonder Girls
50.3%
Hello Venus
49.2%
Snuper
48.8%
Hello Venus
46.5%
Hello Venus
46.4%
Hello Venus
46.4%
Snuper
46.2%
Snuper
45.2%
Snuper
42.5%
Hello Venus
42.2%
Hello Venus
42%
Sonamoo
40.8%
Wonder Girls
40.3%
Sonamoo
39.8%
Sonamoo
36.7%
Snuper
36.7%
Sonamoo
36.3%
Sonamoo
35.6%
Sonamoo
33.3%
Sonamoo
32.4%
Snuper
26.6%
ODD ONE OUT!!!
16.2%
Quiz Playlist
Details
Report
Send in Message
Add To Playlist
Clickable:
Select answers by clicking on text or image buttons
Forced Order:
Answers have to be entered in order
Last Updated: Aug 25, 2017
Quiz Scoreboard
CHALLENGE
Sign Up to Join the Scoreboard
Show All
Scores
Hide
Comments
May contain spoilers
Recently Published
Two Season TV Shows II
by 123Four
Television
10m
Image Sorting: Flags VI
by Barbecue
Geography
2m
Find the 'City' Movie
by crazypaving
Movies
60s
More to Explore
Quiz From the Vault
Featured Blog Post
14 Easter Pick-up Lines to Find Eggs With
hide this ad
You Might Also Like...
Tags
Clickable Quiz
Kpop Quiz
Pop Music Quiz
Band Members
girl
hello
idol
Kpop Quiz
Pop Idol
South Korea
Wonder
Today's Top Quizzes in Music
Browse Music
hide this ad
Today's Top Quizzes in Clickable
Browse Clickable
Top Contributed Quizzes in Music
1
5X2 Blitz: Bands II
2
5X2 Blitz: The Beatles
3
Taylor Swift All Songs (2024)
4
5X2 Blitz: Billboard
5
5X2 Blitz: Billboard II
6
5X2 Blitz: Album
7
5X2 Blitz: Singers
8
5X2 Blitz: Rock
9
Music Artist by Three 2010s hits
10
5X2 Blitz: Lyrics
Explore More
Trending Topics
Kpop
Harry Potter
Disney
Anime
NBA
Crossword
Marvel
Country
NFL
The Office
Soccer
Pokémon
WWE
Puzzle
Song
hide this ad
More By:
Jaffacakeman
Quiz
Plays
Rating
Category
Featured
Created
BTS members
126,528
2.92
Music
Aug 26, 2016
EXO or BTS
75,056
4.39
Music
Apr 21, 2017
BTS or EXO
44,868
4.20
Music
Apr 17, 2017
BTS Dash
36,847
4.30
Music
Jun 8, 2016
K-Pop Blast 1
35,908
3.69
Music
May 24, 2016
Go to Creator's Profile
Score Distribution
Quiz Creator Spotlight
Jaffacakeman
Follow
Send a Message
Quizzes Created
-
Created Quiz Play Count
-
More By This Creator
Popular Quizzes Today
1
Find the US States - No Outlines Minefield
2
Colored Red Africa Blitz
3
Find the 'City' Movie
4
5x2 Blitz: Bands
5
The Countries of the World
6
Find the Countries of Europe - No Outlines Minefield
7
Find the US States
8
US States
More Music Quizzes
Taylor Swift 'the 1' lyrics
Quiz Lab
Trending Quizzes
Colored Red Europe Blitz I
Colored Red Africa Blitz II
Colored Red Europe Blitz II
Colored Red Africa Blitz III
Colored Red Europe Blitz III
Recently Updated
How Do You Spell That?
pecheneg
Godzilla Movies
pecheneg
Grab Bag: 4-10 Letters
pecheneg
2024 March Madness Bracket
pecheneg
Famous TV Couples
Peacemaker
Champions League XIs: Real Madrid
pecheneg
Largest US Cities 1790-2010
pecheneg
Rides in Walt Disney World
pecheneg
Most Oscar Losses (Acting)
pecheneg
Beyoncé Albums
pecheneg
Trending Topics
NBA
Disney
Harry Potter
Marvel
Kpop
Anime
Crossword
Soccer
Song
The Office
Pokémon
WWE
Country
Puzzle
NFL
Your Account Isn't Verified!
In order to create a playlist on Sporcle, you need to verify the email address you used during registration. Go to your
Sporcle Settings
to finish the process.
Report this User
Report this user for behavior that violates our
Community Guidelines
.
Details:
Send Report
Go to the Sporcle.com Mobile Site →
Comments